01487nam a2200349 a 4500001001000000003000500010005001700015008004100032010001100073011001100084040000900095090001000104100003700114245013800151260004100289500006000330502010900390590004100499590003900540590003900579650005600618650004300674650003200717650003300749856007000782901000700852942001000859942000600869999001900875952011900894952012401013000109626CHAP20220329144057.0140515s2014 mx a |sm |||||||spa|d a106088 a107060 cCHAP aTesis1 aSolís López, Antonio912686110aControl biológico de Phytophthora capsici Leo en cultivo de chile en León, Guanajuatoh[En línea]cpor Antonio Solís López. aChapingo, Méx. :bEl autor,c2014. aPara ver el contenido del material haga clic en la liga aTesis (Ing. Agr. Esp. en Parasitología Agrícola) -- UACH. Departamento de Parasitología Agrícola aBATCH-UPDb05c20141002lUCH01h0903 aE792CSJb05c20140515lUCH01h0932 aE792CSJb05c20140515lUCH01h093214aChile (Botánica)xEnfermedades por hongos.92235414aChile (Botánica)xGuanajuato.92236414aMarchitez del chile.97128214aPhytophthora capsici.987920 aFinding aiduhttp://10.13.5.2/tesis/sist109626.pdfzTeclea aquí aBK cTESIS n0 c106088d106088 00102local40718TESISaBCbBCd2014-05-15fTESISl0oTesisp33724002406264r2019-12-31 00:00:00w2014-05-15yCD 00102local40718TESISaBCbBCd2014-05-15fTESISl0oTesisp33724002406306r2019-12-31 00:00:00tc.2w2014-05-15yCD